Normal view
MARC view
- PC Syed Mahad ul Hassan Kazmi
Entry Personal Name
001 - CONTROL NUMBER
- control field: 98622
003 - CONTROL NUMBER IDENTIFIER
- control field: NUST
005 - DATE AND TIME OF LATEST TRANSACTION
- control field: 20220829153433.0
008 - FIXED-LENGTH DATA ELEMENTS
- fixed length control field: 220829|| aca||aabn | a|a d
040 ## - CATALOGING SOURCE
- Original cataloging agency: NUST
- Transcribing agency: NUST
100 ## - HEADING--PERSONAL NAME
- Personal name: PC Syed Mahad ul Hassan Kazmi
670 ## - SOURCE DATA FOUND
- Source citation: Work cat.: (NUST): PC Syed Mahad ul Hassan Kazmi, PR-SOF-2128-IoT Based Smart Switchboard Automatrix, 2022.
